[Event "TCh-HUN 2017-18"]
[Site "Hungary HUN"]
[Date "2018.05.05"]
[Round "8.3"]
[White "Sipos, Istvan"]
[Black "Grigoriants, Sergey"]
[Result "1/2-1/2"]
[WhiteTitle "IM"]
[BlackTitle "GM"]
[WhiteElo "2468"]
[BlackElo "2558"]
[WhiteTeam "Duocor-Makoi SVSE"]
[BlackTeam "Dunaharaszti MTK"]
[WhiteFideId "720631"]
[BlackFideId "4130804"]
[EventDate "2017.11.25"]

1. c4 Nf6 2. Nc3 e5 3. Nf3 Nc6 4. g3 d5 5. cxd5 Nxd5 6. Bg2 Nb6 7. O-O Be7 8.
Rb1 a5 9. d3 O-O 10. Be3 Be6 11. d4 exd4 12. Nxd4 Nxd4 13. Bxd4 c6 14. f4 Bc4
15. b3 Ba6 16. Bf2 Nd7 17. Qc2 Bb4 18. Rfd1 Qe7 1/2-1/2

[Event "TCh-HUN 2017-18"]
[Site "Hungary HUN"]
[Date "2018.05.05"]
[Round "8.4"]
[White "Jovanovic, Zoran"]
[Black "Csonka, Balazs"]
[Result "1-0"]
[WhiteTitle "GM"]
[BlackTitle "FM"]
[WhiteElo "2540"]
[BlackElo "2451"]
[WhiteTeam "Dunaharaszti MTK"]
[BlackTeam "Duocor-Makoi SVSE"]
[WhiteFideId "14505320"]
[BlackFideId "742910"]
[EventDate "2017.11.25"]

1. e4 e5 2. Nf3 Nc6 3. Bb5 Nf6 4. O-O Nxe4 5. Re1 Nd6 6. Nxe5 Be7 7. Bf1 Nxe5 8.
Rxe5 O-O 9. d4 Ne8 10. d5 Bc5 11. Re1 d6 12. Nc3 Bf5 13. Bd3 Bxd3 14. Qxd3 Nf6
15. Na4 Qd7 16. Nxc5 dxc5 17. c4 Rfe8 18. Bf4 Rxe1+ 19. Rxe1 Re8 20. Re3 Rxe3
21. Qxe3 Qa4 22. b3 Qxa2 23. h3 b5 24. Qxc5 Qb1+ 25. Kh2 Qf5 26. Qxc7 h5 27. Bg3
Kh7 28. Qe5 Qd3 29. Bh4 Nd7 30. Qxh5+ Kg8 31. Qg4 Ne5 32. Qc8+ Kh7 33. Bg3 bxc4
34. Bxe5 cxb3 35. d6 f6 36. d7 1-0

[Event "TCh-HUN 2017-18"]
[Site "Hungary HUN"]
[Date "2018.05.05"]
[Round "8.5"]
[White "Farkas, Tibor"]
[Black "Gonda, Laszlo"]
[Result "1/2-1/2"]
[WhiteTitle "IM"]
[BlackTitle "GM"]
[WhiteElo "2315"]
[BlackElo "2499"]
[WhiteTeam "Duocor-Makoi SVSE"]
[BlackTeam "Dunaharaszti MTK"]
[WhiteFideId "933333"]
[BlackFideId "720852"]
[EventDate "2017.11.25"]

1. e4 c5 2. Nf3 Nc6 3. d4 cxd4 4. Nxd4 Qb6 5. Nb3 Nf6 6. Nc3 e6 7. Qe2 Bb4 8.
Bd2 O-O 9. a3 Bxc3 10. Bxc3 e5 11. O-O-O a5 12. Kb1 Rd8 13. Rd6 Ne8 14. Rd5 d6
15. Rb5 Qc7 16. Qe3 Nf6 17. f4 Bd7 18. fxe5 dxe5 19. Bd3 a4 20. Nd2 Nd4 21. Rb4
Nc6 22. Rb5 Nd4 23. Rb4 Nc6 24. Rb5 1/2-1/2

[Event "TCh-HUN 2017-18"]
[Site "Hungary HUN"]
[Date "2018.05.05"]
[Round "8.6"]
[White "Flumbort, Andras"]
[Black "Cabarkapa, Novak"]
[Result "1/2-1/2"]
[WhiteTitle "GM"]
[BlackTitle "IM"]
[WhiteElo "2435"]
[BlackElo "2432"]
[WhiteTeam "Dunaharaszti MTK"]
[BlackTeam "Duocor-Makoi SVSE"]
[WhiteFideId "717274"]
[BlackFideId "943746"]
[EventDate "2017.11.25"]

1. d4 Nf6 2. c4 g6 3. Nc3 Bg7 4. Nf3 d6 5. g3 O-O 6. Bg2 Nc6 7. O-O e5 8. d5 Nb8
9. e4 a5 10. Ne1 Na6 11. Nd3 b6 12. Rb1 Nc5 13. Nxc5 bxc5 14. a3 Nd7 15. b4 axb4
16. axb4 f5 17. bxc5 Nxc5 18. Be3 Nd7 19. f3 f4 20. Bf2 fxg3 21. hxg3 Nf6 22.
Qd2 Nh5 23. Ra1 Rxa1 24. Rxa1 g5 25. Ra8 Qe7 26. Nb5 g4 27. fxg4 Bxg4 28. Ra7
Qf6 29. Nxc7 Bh6 30. Qe1 Qg6 31. Ne6 Bxe6 32. dxe6 Qxe6 33. Ra6 Nf6 34. Qd1 Qxc4
35. Rxd6 Bg5 36. Rd8 Nxe4 37. Rxf8+ Kxf8 38. Qf3+ Nf6 39. Qf5 Qc1+ 40. Bf1 e4
41. Qc5+ Qxc5 42. Bxc5+ Kf7 43. Bd4 Nh5 44. Bc4+ Kg6 45. Kg2 Bf6 46. Be3 Be7 47.
g4 Nf6 48. Kh3 h5 1/2-1/2

[Event "TCh-HUN 2017-18"]
[Site "Hungary HUN"]
[Date "2018.05.05"]
[Round "8.1"]
[White "Kallai, Gabor"]
[Black "Berkes, Ferenc"]
[Result "0-1"]
[WhiteTitle "GM"]
[BlackTitle "GM"]
[WhiteElo "2475"]
[BlackElo "2653"]
[WhiteTeam "MTK Budapest"]
[BlackTeam "ASE Paks"]
[WhiteFideId "700282"]
[BlackFideId "718572"]
[EventDate "2017.11.25"]

1. d4 Nf6 2. Nf3 c5 3. e3 b6 4. Be2 g6 5. O-O Bg7 6. c4 O-O 7. Nc3 d6 8. b3 Bb7
9. Bb2 e6 10. Qd2 Qe7 11. Rfd1 Rd8 12. Rac1 Nbd7 13. h3 a6 14. dxc5 Nxc5 15. b4
Nce4 16. Qc2 e5 17. Nxe4 Nxe4 18. Bd3 Nf6 19. Be2 Rac8 20. Qb3 Ne4 21. Nd2 Ng5
22. Nf3 Nxf3+ 23. Bxf3 Bxf3 24. gxf3 Rc6 25. Qa4 Qb7 26. Kg2 e4 27. Bxg7 exf3+
28. Kg3 Kxg7 29. Rd4 d5 30. Qd1 Rdc8 31. Rxd5 Rxc4 32. Rxc4 Rxc4 33. a3 Qc7+ 34.
Kxf3 Qh2 35. Qa1+ Kh6 36. Qf1 Rc3 37. a4 g5 38. Qg2 Qf4+ 39. Ke2 Qc4+ 0-1

[Event "TCh-HUN 2017-18"]
[Site "Hungary HUN"]
[Date "2018.05.05"]
[Round "8.2"]
[White "Perunovic, Milos"]
[Black "Juhasz, Armin"]
[Result "1-0"]
[WhiteTitle "GM"]
[BlackTitle "IM"]
[WhiteElo "2612"]
[BlackElo "2369"]
[WhiteTeam "ASE Paks"]
[BlackTeam "MTK Budapest"]
[WhiteFideId "921629"]
[BlackFideId "724270"]
[EventDate "2017.11.25"]

1. e4 c5 2. Nf3 g6 3. d4 cxd4 4. Nxd4 Nc6 5. c4 Nf6 6. Nc3 d6 7. Nc2 Bg7 8. Be2
O-O 9. O-O Nd7 10. Bd2 Nc5 11. b4 Bxc3 12. Bxc3 Nxe4 13. Bb2 e5 14. Bd3 Nf6 15.
b5 Na5 16. f4 Nd7 17. Ne3 Nc5 18. Be2 f6 19. fxe5 fxe5 20. Rxf8+ Qxf8 21. Qd2
Qh6 22. Bc1 Qh4 23. Qxa5 Ne4 24. g3 Nxg3 25. Bf3 Nf5 26. Nxf5 Bxf5 27. Qd2 Rf8
28. Ba3 Be6 29. Qxd6 Rf6 30. Qd8+ Kg7 31. Bf8+ Rxf8 32. Qxh4 1-0

[Event "TCh-HUN 2017-18"]
[Site "Hungary HUN"]
[Date "2018.05.05"]
[Round "8.3"]
[White "Marosi, Levente"]
[Black "Papp, Gabor1"]
[Result "0-1"]
[WhiteTitle "FM"]
[BlackTitle "GM"]
[WhiteElo "2293"]
[BlackElo "2603"]
[WhiteTeam "MTK Budapest"]
[BlackTeam "ASE Paks"]
[WhiteFideId "747181"]
[BlackFideId "718602"]
[EventDate "2017.11.25"]

1. e4 c5 2. Nf3 d6 3. d4 cxd4 4. Nxd4 Nf6 5. f3 e5 6. Nb3 Nc6 7. Nc3 Be7 8. Be3
O-O 9. Qd2 a5 10. Nd5 Nxd5 11. exd5 a4 12. Nc1 Nd4 13. Bd3 Bh4+ 14. Bf2 Bg5 15.
Qb4 Bxc1 16. Rxc1 Qg5 17. O-O Bh3 18. Bg3 Bf5 19. Rcd1 Bxd3 20. Rxd3 Qg6 21. Qd2
Rfc8 22. c3 Nf5 23. Bf2 b5 24. Re1 Rc4 25. Re4 Ne7 26. Qe2 Rac8 27. Rd1 f6 28.
Qd3 a3 29. bxa3 Rxc3 30. Qxb5 Rxf3 31. Rc4 Rxc4 32. Qxc4 h5 33. a4 Rf4 34. Qb3
Qg4 35. a5 Qe2 36. Bg3 Rg4 37. Re1 Qd2 38. a6 Qa5 39. Qb8+ Kh7 40. a7 Ra4 41.
Bf2 Rxa2 42. Qxd6 Ra1 43. Rf1 Nxd5 44. g3 Ra2 45. Qe6 Rxf2 46. Rxf2 Ne3 47. Re2
Qxa7 48. Qb3 Nc2+ 49. Kg2 Qa8+ 50. Kf2 Nd4 51. Qd3+ g6 52. Re1 Kg7 53. Qe4 Qa2+
54. Kg1 Qd2 55. Rf1 Nf5 56. Rf2 Qc1+ 57. Rf1 Qc5+ 58. Kh1 Ne3 59. Re1 Ng4 60.
Qb7+ Kh6 61. Qf3 Qb4 62. Qe2 Qb7+ 63. Kg1 Qb6+ 64. Kg2 Qc6+ 65. Qe4 Qc5 66. Qf3
Qb4 67. Qe4 Qb6 68. Qe2 Kg7 69. h3 Nh6 70. Qf2 Qb7+ 71. Qf3 Qc7 72. Rf1 Nf5 73.
Rf2 Qb6 74. Kh2 h4 75. gxh4 Nxh4 76. Qg3 g5 77. Rd2 Qc6 78. Rf2 e4 79. Re2 Nf3+
80. Kg2 Nd4 81. Ra2 e3+ 82. Kg1 e2 83. Kf2 e1=Q+ 84. Kxe1 Qe6+ 0-1

[Event "TCh-HUN 2017-18"]
[Site "Hungary HUN"]
[Date "2018.05.05"]
[Round "8.4"]
[White "Sedlak, Nikola"]
[Black "Terbe, Julianna"]
[Result "1-0"]
[WhiteTitle "GM"]
[BlackTitle "WIM"]
[WhiteElo "2552"]
[BlackElo "2263"]
[WhiteTeam "ASE Paks"]
[BlackTeam "MTK Budapest"]
[WhiteFideId "922900"]
[BlackFideId "708780"]
[EventDate "2017.11.25"]

1. d4 d5 2. Nf3 Nf6 3. Bf4 c5 4. e3 Nc6 5. Nbd2 e6 6. c3 cxd4 7. exd4 Nh5 8. Be3
Bd6 9. Ne5 g6 10. Nd3 O-O 11. g3 f5 12. Bh6 Rf7 13. Nf3 Qc7 14. Be2 Nf6 15. Nfe5
Bxe5 16. Nxe5 Nxe5 17. dxe5 Ne4 18. f3 Nc5 19. Qd4 Bd7 20. h4 Be8 21. h5 Nd7 22.
hxg6 hxg6 23. Bf4 Nf8 24. O-O-O b5 25. Kb1 a5 26. Rh6 Rb8 27. Rdh1 Rh7 28. g4
fxg4 29. fxg4 b4 30. c4 Rd8 31. Bg5 Rdd7 32. c5 Rxh6 33. Bxh6 Rh7 34. g5 Nd7 35.
Bb5 Rf7 36. Rc1 Rf5 37. Qh4 Qxe5 38. Re1 Qb8 39. Qd4 Nf6 40. Bd3 e5 41. Qg1 Ne4
42. c6 Bxc6 43. Rxe4 dxe4 44. Bc4+ Kh8 45. Qh2 Rf1+ 46. Bxf1 1-0

[Event "TCh-HUN 2017-18"]
[Site "Hungary HUN"]
[Date "2018.05.05"]
[Round "8.5"]
[White "Terbe, Zsuzsanna"]
[Black "Acs, Peter"]
[Result "0-1"]
[WhiteTitle "WFM"]
[BlackTitle "GM"]
[WhiteElo "2170"]
[BlackElo "2588"]
[WhiteTeam "MTK Budapest"]
[BlackTeam "ASE Paks"]
[WhiteFideId "708801"]
[BlackFideId "708020"]
[EventDate "2017.11.25"]

1. Nf3 d5 2. g3 Nf6 3. Bg2 c6 4. O-O Bg4 5. h3 Bh5 6. d4 e6 7. c4 Be7 8. Nc3 O-O
9. Qb3 Qb6 10. Ne5 Nfd7 11. cxd5 Qxb3 12. axb3 exd5 13. g4 Bg6 14. Nxg6 hxg6 15.
e4 dxe4 16. Nxe4 Na6 17. Bf4 Nb6 18. Nc3 Nb4 19. Rfd1 Rfe8 20. d5 N6xd5 21. Nxd5
Nxd5 22. Bxd5 cxd5 23. Rxd5 Bf6 24. Rd7 Re4 25. Ra4 Re7 26. Rxe7 Bxe7 27. Be5 a6
28. Rc4 Re8 29. Bd4 Rd8 30. Rc7 Rxd4 31. Rxe7 b5 32. Kf1 Kf8 33. Re3 Rd1+ 34.
Re1 Rd2 35. Re2 Rd1+ 36. Re1 Rd3 37. Re3 Rxe3 38. fxe3 Ke7 39. Ke2 Kf6 40. h4
Ke5 41. b4 Ke4 42. g5 f6 43. gxf6 gxf6 44. b3 f5 45. Kf2 f4 0-1

[Event "TCh-HUN 2017-18"]
[Site "Hungary HUN"]
[Date "2018.05.05"]
[Round "8.6"]
[White "Szabo, Krisztian1"]
[Black "Berta, Sandor"]
[Result "1/2-1/2"]
[WhiteTitle "GM"]
[WhiteElo "2498"]
[BlackElo "2122"]
[WhiteTeam "ASE Paks"]
[BlackTeam "MTK Budapest"]
[WhiteFideId "722901"]
[BlackFideId "713775"]
[EventDate "2017.11.25"]

1. e4 g6 2. d4 c6 3. f4 d5 4. e5 h5 5. c4 Nh6 6. Nc3 Nf5 7. Nf3 Bh6 8. Be2 O-O
9. O-O Be6 10. b3 Na6 11. a3 Nc7 12. c5 b5 13. cxb6 axb6 14. b4 c5 15. b5 Bc8
16. Rf2 Ne6 17. dxc5 d4 18. Ne4 1/2-1/2

[Event "TCh-HUN 2017-18"]
[Site "Hungary HUN"]
[Date "2018.05.05"]
[Round "8.7"]
[White "Ortel, Endre"]
[Black "Lizak, Peter"]
[Result "0-1"]
[WhiteTitle "FM"]
[BlackTitle "IM"]
[WhiteElo "2185"]
[BlackElo "2471"]
[WhiteTeam "MTK Budapest"]
[BlackTeam "ASE Paks"]
[WhiteFideId "701491"]
[BlackFideId "731595"]
[EventDate "2017.11.25"]

1. Nf3 b6 2. g3 Bb7 3. Bg2 g6 4. c4 Bg7 5. Nc3 Nf6 6. O-O O-O 7. b3 d5 8. cxd5
Nxd5 9. Bb2 c5 10. a3 Nc6 11. Qc2 Nc7 12. Rac1 Ne6 13. Nb5 Qd7 14. Bxg7 Nxg7 15.
Rfd1 Nf5 16. d4 cxd4 17. e4 Nd6 18. Nbxd4 Nxd4 19. Nxd4 Rac8 20. Qe2 Rxc1 21.
Rxc1 e5 22. Nc2 Qc6 23. Rd1 Nb5 24. Qd3 a5 25. a4 Nc3 26. Re1 Qc5 27. Ne3 Qd4
28. Qxd4 exd4 29. Nc4 d3 30. f3 Rc8 31. Nd2 Ne2+ 32. Kf2 Nd4 33. Bf1 Rc3 34. Rb1
Bc8 35. Nc4 Be6 36. Nxb6 d2 37. Rd1 Nxf3 38. Be2 Rxb3 39. Bxf3 Rxb6 40. Rxd2 Rb4
41. Bd1 Rxe4 42. Kf3 Rb4 43. Kf2 Kg7 44. h4 h5 45. Rd6 Bg4 0-1

[Event "TCh-HUN 2017-18"]
[Site "Hungary HUN"]
[Date "2018.05.05"]
[Round "8.8"]
[White "Groszpeter, Attila"]
[Black "Lyell, Mark"]
[Result "1-0"]
[WhiteTitle "GM"]
[BlackTitle "FM"]
[WhiteElo "2441"]
[BlackElo "2253"]
[WhiteTeam "ASE Paks"]
[BlackTeam "MTK Budapest"]
[WhiteFideId "700053"]
[BlackFideId "402354"]
[EventDate "2017.11.25"]

1. e4 c6 2. d4 d5 3. exd5 cxd5 4. Nf3 Nc6 5. Ne5 e6 6. Bb5 Bd7 7. Nxd7 Qxd7 8.
c3 Bd6 9. O-O Nge7 10. Nd2 O-O 11. Re1 Rfc8 12. Qh5 Ng6 13. Bd3 Nce7 14. Nf3 h6
15. Ne5 Bxe5 16. dxe5 d4 17. c4 a5 18. g4 Rc5 19. f4 b5 20. b3 bxc4 21. bxc4 Nc6
22. Bd2 Nb4 23. Be4 Rac8 24. a3 Nc6 25. Bd3 Qc7 26. Qh3 Nce7 27. Qg3 Nf8 28. Qf3
Rd8 29. Rab1 Nc6 30. Rb2 Rb8 31. Reb1 Nd7 32. Rxb8+ Ndxb8 33. Qe4 g6 34. h4 Qd8
35. Be1 Nd7 36. h5 Nf8 37. hxg6 Nxg6 38. Bg3 Nce7 39. Qb7 Rc7 40. Qb8 Rc8 41.
Qd6 Qe8 42. f5 Nf8 43. Rb5 Rd8 44. Qc7 Nc6 45. Rc5 Rc8 46. Qd6 Ne7 47. Rxc8 Nxc8
48. Qxd4 Qa4 49. f6 Qd1+ 50. Kg2 Qd2+ 51. Bf2 Qg5 52. Be3 Qh4 53. Be2 Qe1 54.
Qd2 Qa1 55. Bd4 Qb1 56. Qxh6 Qe4+ 57. Kg3 Qg6 58. Qxg6+ Nxg6 59. Bf3 1-0

[Event "TCh-HUN 2017-18"]
[Site "Hungary HUN"]
[Date "2018.05.05"]
[Round "8.9"]
[White "Honos, Attila"]
[Black "Kaczur, Florian"]
[Result "0-1"]
[WhiteTitle "FM"]
[BlackTitle "IM"]
[WhiteElo "2207"]
[BlackElo "2458"]
[WhiteTeam "MTK Budapest"]
[BlackTeam "ASE Paks"]
[WhiteFideId "701459"]
[BlackFideId "705098"]
[EventDate "2017.11.25"]

1. b4 e5 2. Bb2 Bxb4 3. Bxe5 Nf6 4. e3 O-O 5. Nf3 d5 6. Be2 c5 7. O-O Nc6 8. Bb2
Re8 9. c4 d4 10. exd4 cxd4 11. Re1 Bg4 12. h3 Bxf3 13. Bxf3 Qd6 14. Rf1 Ne5 15.
d3 Re7 16. a4 a6 17. Ba3 Rae8 18. Bxb4 Qxb4 19. Na3 Qc3 20. Be4 Nxe4 21. dxe4
Nc6 22. Qf3 d3 23. Rfc1 Qd4 24. Rd1 Nb4 25. Rab1 Qc3 26. Ra1 Rxe4 27. Kh2 g6 28.
Rdc1 Qe5+ 29. g3 Qc5 30. Nb1 Re2 31. Kg2 Nc2 0-1

[Event "TCh-HUN 2017-18"]
[Site "Hungary HUN"]
[Date "2018.05.06"]
[Round "9.1"]
[White "Volokitin, Andrei"]
[Black "Kallai, Gabor"]
[Result "1-0"]
[WhiteTitle "GM"]
[BlackTitle "GM"]
[WhiteElo "2623"]
[BlackElo "2475"]
[WhiteTeam "Aquaprofit-NTSK I"]
[BlackTeam "MTK Budapest"]
[WhiteFideId "14107090"]
[BlackFideId "700282"]
[EventDate "2017.11.25"]

1. e4 c5 2. Nf3 e6 3. d4 cxd4 4. Nxd4 a6 5. Bd3 Bc5 6. Nb3 Ba7 7. O-O Nc6 8. c4
Nge7 9. Nc3 d6 10. Qe2 O-O 11. Be3 Bxe3 12. Qxe3 Qc7 13. Rfd1 Bd7 14. Be2 Rfd8
15. Na4 Be8 16. Nb6 Rab8 17. Rac1 Nc8 18. Nd5 Qd7 19. Nf4 Qe7 20. Rd2 h6 21. Nh5
f6 22. c5 Bxh5 23. Bxh5 N8a7 24. Bg4 e5 25. Rcd1 dxc5 26. Rd7 Qe8 27. Qg3 Nd4
28. R1xd4 1-0

[Event "TCh-HUN 2017-18"]
[Site "Hungary HUN"]
[Date "2018.05.06"]
[Round "9.2"]
[White "Juhasz, Armin"]
[Black "Balogh, Csaba"]
[Result "0-1"]
[WhiteTitle "IM"]
[WhiteElo "2369"]
[BlackElo "1394"]
[WhiteTeam "MTK Budapest"]
[BlackTeam "Aquaprofit-NTSK I"]
[WhiteFideId "724270"]
[BlackFideId "790877"]
[EventDate "2017.11.25"]

1. Nf3 Nf6 2. c4 e6 3. g3 d5 4. d4 Bb4+ 5. Bd2 Be7 6. Bg2 O-O 7. O-O Nbd7 8. Qc2
c6 9. Bf4 Ne4 10. Nbd2 g5 11. Be3 Nd6 12. cxd5 exd5 13. Nb3 Re8 14. Bd2 Nf8 15.
Nc5 Bf5 16. Qc1 h6 17. h4 f6 18. Re1 b6 19. Nd3 Qd7 20. a4 Ng6 21. a5 Nb5 22.
Ra4 Bd6 23. b3 Rac8 24. axb6 axb6 25. Qa1 Kh7 26. hxg5 hxg5 27. Bb4 Bb8 28. Ra6
Bc7 29. Bd2 Kg7 30. Nb4 Rh8 31. Be3 Bh3 32. Bh1 Bf1 33. Rxf1 Rxh1+ 34. Kxh1 Qh3+
35. Kg1 Rh8 36. Nh4 Rxh4 0-1

[Event "TCh-HUN 2017-18"]
[Site "Hungary HUN"]
[Date "2018.05.06"]
[Round "9.3"]
[White "Ivanisevic, Ivan"]
[Black "Marosi, Levente"]
[Result "1/2-1/2"]
[WhiteTitle "GM"]
[BlackTitle "FM"]
[WhiteElo "2582"]
[BlackElo "2293"]
[WhiteTeam "Aquaprofit-NTSK I"]
[BlackTeam "MTK Budapest"]
[WhiteFideId "912417"]
[BlackFideId "747181"]
[EventDate "2017.11.25"]

1. d4 Nf6 2. c4 e6 3. Nc3 Bb4 4. e3 O-O 5. Ne2 Re8 6. a3 Bf8 7. Ng3 d5 8. cxd5
exd5 9. Bd3 a5 10. O-O Na6 11. Bd2 c6 12. Rc1 Bd7 13. Nce2 b5 14. Qe1 b4 15.
Bxa6 Rxa6 16. axb4 a4 17. Ra1 Qb6 18. Nf4 Ne4 19. Nxe4 dxe4 20. f3 Bf5 21. Qf2
exf3 22. Qxf3 Be4 23. Qe2 Ra7 24. Qc4 Rb8 25. Nd3 Bxd3 26. Qxd3 Bxb4 27. Rf2 Qb5
28. Qxb5 Rxb5 29. Bxb4 Rxb4 30. Rc2 g6 31. Kf2 Ra6 32. Ra3 Rab6 33. Kf3 h5 34.
h3 Kf8 35. g4 hxg4+ 36. hxg4 Ke7 37. Ke4 Rxb2 38. Rxb2 Rxb2 39. Rxa4 Kd6 40. Kf3
Rb1 41. Ra7 Rf1+ 42. Ke2 Rf6 43. Ra6 Re6 44. g5 Re4 45. Kf3 Re7 46. e4 Rb7 47.
d5 Ke5 48. dxc6 Rb3+ 49. Kg4 Kxe4 50. Ra7 Rc3 51. Re7+ Kd5 52. c7 Rc4+ 53. Kf3
Kd6 54. Rxf7 Rxc7 55. Rf6+ Ke5 56. Rxg6 Kf5 57. Rg8 Rc3+ 58. Kg2 Rc6 59. Kh3 Rg6
60. Rxg6 Ke5 1/2-1/2

[Event "TCh-HUN 2017-18"]
[Site "Hungary HUN"]
[Date "2018.05.06"]
[Round "9.4"]
[White "Szabo, Balazs"]
[Black "Lenic, Luka"]
[Result "0-1"]
[WhiteTitle "FM"]
[BlackTitle "GM"]
[WhiteElo "2254"]
[BlackElo "2650"]
[WhiteTeam "MTK Budapest"]
[BlackTeam "Aquaprofit-NTSK I"]
[WhiteFideId "727105"]
[BlackFideId "14603853"]
[EventDate "2017.11.25"]

1. e4 c5 2. Nf3 Nc6 3. d4 cxd4 4. Nxd4 Nf6 5. Nc3 e5 6. Ndb5 d6 7. Bg5 a6 8. Na3
b5 9. Nd5 Be7 10. Bxf6 Bxf6 11. g3 Bg5 12. Bg2 O-O 13. O-O Be6 14. c4 Nd4 15.
cxb5 axb5 16. Nc2 Nxc2 17. Qxc2 Bxd5 18. exd5 Qa5 19. h4 Bh6 20. Bh3 Ra7 21. Qc6
Ra6 22. Qb7 Ra7 23. Qc6 Rd8 24. b4 Qxb4 25. Rab1 Qd4 26. Rxb5 g6 27. Rb7 Ra3 28.
Kg2 Rc3 29. Rd7 Rxd7 30. Qa8+ Kg7 31. Bxd7 Qe4+ 32. Kh2 Rxg3 0-1

[Event "TCh-HUN 2017-18"]
[Site "Hungary HUN"]
[Date "2018.05.06"]
[Round "9.5"]
[White "Erdos, Viktor"]
[Black "Terbe, Julianna"]
[Result "1-0"]
[WhiteTitle "GM"]
[BlackTitle "WIM"]
[WhiteElo "2622"]
[BlackElo "2263"]
[WhiteTeam "Aquaprofit-NTSK I"]
[BlackTeam "MTK Budapest"]
[WhiteFideId "719978"]
[BlackFideId "708780"]
[EventDate "2017.11.25"]

1. d4 d5 2. e3 Bf5 3. c4 c6 4. Nc3 e6 5. g4 Bg6 6. Nge2 h6 7. h4 Nd7 8. Nf4 Bh7
9. Bd2 Be7 10. Qb3 Rb8 11. Nh5 g6 12. Ng3 Bxh4 13. e4 Bxg3 14. fxg3 dxe4 15. g5
hxg5 16. Nxe4 f6 17. Bh3 Kf7 18. O-O-O Nf8 19. Qf3 Kg7 20. Bc3 b5 21. d5 cxd5
22. Nxg5 b4 23. Bd4 Qc7 24. Bxe6 Qxc4+ 25. Kb1 Qa6 26. Rhf1 Nxe6 27. Bxf6+ 1-0

[Event "TCh-HUN 2017-18"]
[Site "Hungary HUN"]
[Date "2018.05.06"]
[Round "9.6"]
[White "Terbe, Zsuzsanna"]
[Black "Markus, Robert"]
[Result "0-1"]
[WhiteTitle "WFM"]
[BlackTitle "GM"]
[WhiteElo "2170"]
[BlackElo "2630"]
[WhiteTeam "MTK Budapest"]
[BlackTeam "Aquaprofit-NTSK I"]
[WhiteFideId "708801"]
[BlackFideId "921637"]
[EventDate "2017.11.25"]

1. Nf3 Nf6 2. g3 g6 3. Bg2 Bg7 4. d4 O-O 5. c4 d6 6. Nc3 Nbd7 7. O-O e5 8. e4 c6
9. h3 Re8 10. Be3 exd4 11. Nxd4 Nc5 12. Qc2 Qe7 13. Rfe1 a5 14. Rad1 a4 15. b3
axb3 16. axb3 Nfd7 17. b4 Ne6 18. b5 Ne5 19. bxc6 bxc6 20. Nxe6 Bxe6 21. c5 dxc5
22. Na4 c4 23. Nc5 Ra3 24. Nxe6 Qxe6 25. Bc5 Rd3 26. f4 Rxd1 27. Rxd1 Nd3 28.
Be3 Rb8 29. Rb1 Bb2 30. e5 Rb3 31. Kh2 Kg7 32. Qd1 h5 33. Be4 h4 34. g4 g5 35.
Bf5 Qd5 36. Qc2 gxf4 37. Bxf4 Nxf4 38. Rxb2 Rxh3+ 0-1

[Event "TCh-HUN 2017-18"]
[Site "Hungary HUN"]
[Date "2018.05.06"]
[Round "9.7"]
[White "Banusz, Tamas"]
[Black "Berta, Sandor"]
[Result "1-0"]
[WhiteTitle "GM"]
[WhiteElo "2616"]
[BlackElo "2122"]
[WhiteTeam "Aquaprofit-NTSK I"]
[BlackTeam "MTK Budapest"]
[WhiteFideId "722413"]
[BlackFideId "713775"]
[EventDate "2017.11.25"]

1. Nf3 g6 2. d4 Bg7 3. c4 Nf6 4. g3 O-O 5. Bg2 d6 6. O-O c6 7. Nc3 Qa5 8. Bd2
Qa6 9. b3 d5 10. Ne5 Rd8 11. cxd5 cxd5 12. Rc1 Nbd7 13. Nd3 e6 14. a4 Ne4 15.
Nxe4 dxe4 16. Bxe4 Bxd4 17. Qc2 Ne5 18. e3 Ba1 19. Nc5 Qe2 20. Ba5 1-0

[Event "TCh-HUN 2017-18"]
[Site "Hungary HUN"]
[Date "2018.05.06"]
[Round "9.8"]
[White "Fodor, Balazs"]
[Black "Medvegy, Zoltan"]
[Result "0-1"]
[BlackTitle "GM"]
[WhiteElo "2102"]
[BlackElo "2539"]
[WhiteTeam "MTK Budapest"]
[BlackTeam "Aquaprofit-NTSK I"]
[WhiteFideId "741850"]
[BlackFideId "708402"]
[EventDate "2017.11.25"]

1. d4 Nf6 2. c4 e6 3. Nf3 b6 4. a3 Bb7 5. Nc3 Ne4 6. Qc2 Nxc3 7. Qxc3 Be7 8. e3
O-O 9. Be2 c5 10. O-O cxd4 11. exd4 d5 12. Bf4 dxc4 13. Qxc4 Bd5 14. Qa4 a6 15.
Rac1 b5 16. Qc2 Nc6 17. Qd2 Qb6 18. Ne5 Qb7 19. Qe3 Rac8 20. Qg3 Nxd4 21. Bg4
Bf6 22. Rcd1 Nf5 23. Qh3 Ne7 24. Rfe1 Ng6 25. Nxg6 hxg6 26. Rd2 Rc4 27. Bd6 Rd8
28. Bg3 Rdc8 29. Bd1 Bg5 30. Rde2 Rc1 31. Qg4 Bf6 32. Bf4 R1c4 33. Bb3 Rxf4 34.
Bxd5 Qb8 35. Bxe6 Rxg4 36. Bxc8 Qxc8 0-1

[Event "TCh-HUN 2017-18"]
[Site "Hungary HUN"]
[Date "2018.05.06"]
[Round "9.9"]
[White "Ribli, Zoltan"]
[Black "Lyell, Mark"]
[Result "1-0"]
[WhiteTitle "GM"]
[BlackTitle "FM"]
[WhiteElo "2526"]
[BlackElo "2253"]
[WhiteTeam "Aquaprofit-NTSK I"]
[BlackTeam "MTK Budapest"]
[WhiteFideId "700010"]
[BlackFideId "402354"]
[EventDate "2017.11.25"]

1. Nf3 d5 2. d4 Nf6 3. c4 dxc4 4. e3 e6 5. Bxc4 c5 6. O-O a6 7. Bb3 Nc6 8. Nc3
cxd4 9. exd4 Be7 10. Bg5 O-O 11. Qd2 Na5 12. Bc2 b5 13. Qf4 g6 14. Bh6 Nh5 15.
Qe3 Re8 16. g4 Nf6 17. Qf4 b4 18. Ne4 Nxe4 19. Bxe4 Ra7 20. Rac1 Bd6 21. Rxc8 1-0

[Event "TCh-HUN 2017-18"]
[Site "Hungary HUN"]
[Date "2018.05.06"]
[Round "9.10"]
[White "Honos, Attila"]
[Black "Kantor, Gergely"]
[Result "0-1"]
[WhiteTitle "FM"]
[BlackTitle "IM"]
[WhiteElo "2207"]
[BlackElo "2514"]
[WhiteTeam "MTK Budapest"]
[BlackTeam "Aquaprofit-NTSK I"]
[WhiteFideId "701459"]
[BlackFideId "751499"]
[EventDate "2017.11.25"]

1. b4 e5 2. Bb2 Bxb4 3. Bxe5 Nf6 4. e3 O-O 5. c4 d5 6. cxd5 Nxd5 7. Nf3 Nc6 8.
Bb2 Qd6 9. a3 Ba5 10. Be2 Qg6 11. O-O Bh3 12. Ne1 Rad8 13. Kh1 Bf5 14. Qc1 Rfe8
15. Bb5 Qh5 16. Nc3 Bxc3 17. Bxc3 Re6 18. Nf3 Rh6 19. Bxc6 Be4 20. Be5 Bxf3 21.
gxf3 Qxe5 22. f4 Qh5 0-1